| 000 | 01424nam a2200277 a 4500 | ||
|---|---|---|---|
| 001 | 000041492 | ||
| 005 | 20201002034934.0 | ||
| 008 | 131008s1993 sp 000 0 spa d | ||
| 020 | _a8400049497 | ||
| 040 |
_aDO-SdBNP _bspa _cBNPHU |
||
| 082 |
_a361.61094 _bI61s |
||
| 245 | 0 | 0 |
_aIntercambio Social y Desarrollo del Bienestar / _cLuis Moreno, compilador. |
| 260 |
_aMadrid : _aConsejo Superior de Investigaciones Científicas, Instituto de Estudios Sociales Avanzados, _c1993. |
||
| 300 |
_aviii, 427 p. : _b24 cm. |
||
| 490 | 1 |
_aPoliteya _aestudios de política y sociedad _v4 |
|
| 500 | _aIncluye referencias bibliográficas y notas al pie de las páginas. | ||
| 500 | _a¨El II Seminario Internacional de Política Social 'Gumersindo de Azcárate', fue organizado por el Instituto de Estudios Sociales Avanzados (IESA), del Consejo Superior de Investigaciones Científicas (CSIC), entre marzo y mayo de 1992"--P. 1. | ||
| 504 | _aBibliografía: p. 196 | ||
| 650 | 4 |
_aAsistencia pública _zEuropa _968187 |
|
| 651 | 4 |
_aEuropa _xPolítica Social _968188 |
|
| 700 | 1 | 2 |
_aMoreno, Luis _q(Moreno Fernández) _959681 |
| 710 | 2 |
_aInstituto de Estudios Sociales Avanzados (España) _959680 |
|
| 711 | 2 |
_aSeminario Internacional de Política Social "Gumersindo de Azcárate _n2 : _d1992: _cMadrid, España _968189 |
|
| 830 | 0 |
_aPoliteya _pestudios de política y sociedad _n4 _968190 |
|
| 910 | _aValidado. Control de calidad MFF | ||
| 999 |
_c40982 _d40982 |
||